000 00578nam a22002177a 4500
003 UA-OsUOA
001 97157
007 ta
008 20130326b un ||||| |||| 00| 0 ukr d
090 _a821.182.2
942 _cBK
040 _aUA-OsUOA
_brus
_cUA-OsUOA
_dUA-OsUOA
245 _aНовелла ГДР 70-е годы
_cСост. Гугнин А.
300 _a559 с.
955 _a3
041 _arus
080 _a821.182.2
260 _aМ.
_bПрогресс
_c1980
650 7 _a82 Література. Літературознавство
_2UDC
999 _c383417
_d383417